000 00460nam a2200145 i 4500
001 61277
003 ES-MaACL
005 20230906164422.0
007 t|
008 031111s1933 sp ||||1| spa d
245 0 0 _aEstatutos de las asociaciones provinciales veterinarias y Reglamento de la Asociación Oficial de Veterinarios de la provincia de Toledo.
260 _aToledo :
_bA. Medina,
_c1933.
300 _a46 p. ;
_c15 cm.
852 _aES-MaACL
_j1786-F-17
999 _c61277
_d61277